| 000 | 01896cam a2200397 i 4500 | ||
|---|---|---|---|
| 001 | 19058317 | ||
| 003 | NUST | ||
| 005 | 20230209095047.0 | ||
| 008 | 160418s2016 pk b 001 0 eng | ||
| 010 | _a 2016349087 | ||
| 020 | _a9780199403417 | ||
| 025 | _aP-E-2016349087; 13 | ||
| 037 | _bLibrary of Congress -- Islamabad Overseas Office | ||
| 040 |
_aDLC _beng _cDLC _erda |
||
| 042 |
_alcode _apcc |
||
| 043 |
_aa-pk--- _aa-ii--- |
||
| 050 | 0 | 0 |
_aDS392.F43 _bB36 2016 |
| 082 | _a954.035095491,SAL | ||
| 100 | 1 |
_aBangash, Salman, _eauthor. _9108757 |
|
| 245 | 1 | 4 |
_aThe Frontier tribal belt : _bGenesis and purpose under the Raj / _cSalman Bangash. |
| 250 | _aFirst edition. | ||
| 264 | 1 |
_aKarachi : _bOxford University Press, _c2016. |
|
| 300 |
_axiv365 pages ; _c23 cm |
||
| 336 |
_atext _btxt _2rdacontent |
||
| 337 |
_aunmediated _bn _2rdamedia |
||
| 338 |
_avolume _bnc _2rdacarrier |
||
| 505 | _aIntroduction (Page-1), Topography, Ethnography, and Geo strategic significance of the tribal belt: A brief analysis (Page-6), British frontier policy: The colonial and imperial problem (Page-42), Afghanistan in Anglo Russian diplomacy and its implementations on the tribal belt (Page-92), British frontier policy (Page-149), Tribal administration (Page-213), British imperialism and the frontier wars (Page-251), Conclusion (Page-312). | ||
| 610 | 1 | 0 |
_aGreat Britain. _bArmy _xColonial forces _zIndia _xHistory. _9108758 |
| 650 | 0 |
_aBorderlands _zPakistan _zKhyber Pakhtunkhwa _xHistory. _9108759 |
|
| 651 | 0 |
_aFederally Administered Tribal Areas (Pakistan) _xHistory. _95461 |
|
| 651 | 0 |
_aKhyber Pakhtunkhwa (Pakistan) _xHistory, Military. _93758 |
|
| 651 | 0 |
_aIndia _xHistory _yBritish occupation, 1765-1947. _93825 |
|
| 906 |
_a7 _bcbc _corigode _d3 _encip _f20 _gy-gencatlg |
||
| 942 |
_2ddc _cBK _k954.035095491,SAL |
||
| 999 |
_c593168 _d593168 |
||